00356nam a22001217a 4500082001300000100001800013245003900031260003100070300000800101942000700109999001700116952010100133 a954.7JAL aJalibi Jameel aPakistan the indentity of culture  aLahorebIslamic bookc1984 a211 cBK c13233d13233 00104070aREFbREFd2015-04-22g99.00l0o954.7JAL(Shelf - 98B)p9471r2015-04-22 00:00:00yBK